Флуоресцентные методы анализа для исследования микрокомпонентного состава природных сред (определение урана); Проблемы геологии и освоения недр

Bibliografiset tiedot
Parent link:Проблемы геологии и освоения недр.— 2009.— С. 694-696
Päätekijä: Захаренко С. В.
Muut tekijät: Осипова Н. А. (научный руководитель)
Kieli:venäjä
Julkaistu: 2009
Aiheet:
Aineistotyyppi: Kirjan osa
KOHA link:https://koha.lib.tpu.ru/cgi-bin/koha/opac-detail.pl?biblionumber=181776

MARC

LEADER 00000naa2a2200000 4500
001 181776
005 20231031171138.0
035 |a (RuTPU)RU\TPU\book\197043 
090 |a 181776 
100 |a 20100610d2009 k y0rusy50 ca 
101 0 |a rus 
102 |a RU 
200 1 |a Флуоресцентные методы анализа для исследования микрокомпонентного состава природных сред (определение урана)  |f С. В. Захаренко  |g науч. рук. Н. А. Осипова 
320 |a Библиогр.: 3 назв. 
463 0 |0 (RuTPU)RU\TPU\book\186895  |y 978-5-98298-569-9  |t Проблемы геологии и освоения недр  |o труды XIII Международного симпозиума имени академика М. А. Усова студентов и молодых ученых, посвященного 110-летию со дня рождения К. В. Радугина  |f Томский политехнический университет (ТПУ), Институт геологии и нефтегазового дела (ИГНД)  |v С. 694-696  |d 2009  |p 993 с. 
610 1 |a методы анализа 
610 1 |a флуоресценция 
610 1 |a микроэлементы 
610 1 |a природная среда 
610 1 |a уран 
610 1 |a определение 
610 1 |a труды учёных ТПУ 
700 1 |a Захаренко  |b С. В. 
702 1 |a Осипова  |b Н. А.  |4 727 
801 1 |a RU  |b 63413507  |c 20100610 
942 |c BK